福井県の戦前市制・町制 - Statistics

General Stats
  • This quiz has been taken 100 times
  • The average score is 14 of 17
Answer Stats
施行日 施行内容 所属郡 回答 % Correct
1889.04.01 市制 (市) 福井市
100%
1937.04.01 市制 (市) 敦賀市
93%
1889.04.01 町制 大野郡 大野町
91%
1889.04.01 町制 敦賀郡 敦賀町
91%
1889.04.01 町制 遠敷郡 小浜町
91%
1889.04.01 町制 今立郡 鯖江町
89%
1889.04.01 町制 南条郡 武生町
89%
1889.04.01 町制 坂井郡 三国町
87%
1889.04.01 町制 大野郡 勝山町
85%
1889.04.01 町制 坂井郡 丸岡町
83%
1912.04.01 町制 大飯郡 高浜町
83%
1935.02.11 町制 坂井郡 芦原町
83%
1942.04.03 町制 坂井郡 春江町
78%
1889.04.01 町制 坂井郡 金津町
63%
1930.02.11 町制 吉田郡 松岡町
63%
1935.04.03 町制 吉田郡 森田町
63%
1926.10.01 町制 今立郡 粟田部町
50%
No matching quizzes found
Score Distribution
Percent of People with Each Score
Percentile by Number Answered
Your Score History
You have not taken this quiz